| 000 | 00838cam a2200217 4500 | ||
|---|---|---|---|
| 008 | 090521s2006 sp 000 0 spa u | ||
| 020 | _a9788497728522 | ||
| 035 | _aa481476 | ||
| 050 | 0 | 4 |
_aKKT3855 _bG37 2006 |
| 100 | 1 | _aGarcía-Ripoll Montijano, Martín | |
| 245 | 1 | 0 |
_aIlicitud, culpa y estado de necesidad : _b(Un estudio de responsabilidad extracontractual en los Códigos Penal y Civil) / _cMartín García-Ripoll Montijano |
| 250 | _a1a ed. | ||
| 260 |
_aMadrid, España : _bDykinson, S.L., _c2006 |
||
| 300 |
_a264 páginas ; _c21 cm. |
||
| 440 | 0 |
_aMonografías de Derecho Penal ; _vNo. 6 |
|
| 504 | _aBibliografía : páginas 247-264 | ||
| 650 | 7 |
_aIlegalidad _zEspaña _2Lemb |
|
| 650 | 7 |
_aCulpa jurídica _zEspaña _2Lemb |
|
| 650 | 7 |
_aEstado de necesidad _zEspaña _2Lemb |
|
| 650 | 7 |
_aActos ilícitos _zEspaña _2Lemb |
|
| 942 |
_2lcc _cLIB |
||
| 999 |
_c147539 _d147537 |
||